000 00464nam a2200181 i 4500
001 bg
100 1 _aAMMERAAL, Leendert
245 0 _aComputer graphics for the IBM PC /
_cLeendert Ammeraal.
260 _aChichester :
_bJohn Wiley & Sons,
_c1988.
650 9 _aGrafika komputerowa
020 _a0471915017
040 _cBPK
041 _apol
080 _a004.92:744
920 _a0-471-91501-7
942 _cKS
008 s pl f |000 0 pol
999 _c28773
_d28773
856 _uhttp://koha.tu.koszalin.pl/cgi-bin/koha/opac-detail.pl?biblionumber=28773
_yKatalog online BPK